000 00366nam a22001217a 4500
082 _aTHE 200
100 _aSOBIA KHALID,
_972854
245 _aTH-SOF-0605-SOFTWARE ENGINEERING PROJECT EFFORT ESTIMATION USING FUZZY NEURAL NETWORK
260 _aNUST COLLEGE OF EME
_bISLAMABAD
_c2018
650 _aMS-CSE-8 MSTHESIS
700 _aDR AASIA KHANUM
_917318
942 _cCF
999 _c578830
_d578830